000 00682nam a22002417a 4500
001 BR9501680
003 BR-BrBNA
005 20230928094607.0
007 ta
008 230509b bl.||||| |||| 00| 0 por d
040 _aBR-BrBNA
_bpor
_cBiblioteca Nacional de Agricultura
041 _a(Por)
072 _aE14
090 _ E14 BR9501680
110 1 _aSecretaria da Agricultura e Abastecimento, Porto Alegre, RS (Brasil)
_98308
245 1 _aProgramas prioritarios
260 3 _aPorto Alegre, RS (Brasil):
_c1988.
300 _a120 p.
650 _aProjeto de Desenvolvimento
650 _aDesenvolvimento Agricola
909 _a202309
_bLucia
_c55
_dLucia Elande
942 _cBK
999 _c51544
_d51544